Przystanki tramwajowe w Poznaniu - Statystyki

Ogólne statystyki
  • Ten quiz został rozwiązany 446 razy
  • Średni wynik to 55 z 124
Statystyki odpowiedzi
Nazwa przystanku % Poprawnych
Rondo Rataje
81%
Rondo Kaponiera
77%
Poznań Główny
76%
Rondo Środka
76%
Most Teatralny
75%
Starołęka Mała
74%
AWF
73%
Junikowo
73%
Ogrody
73%
Półwiejska
73%
Dworzec Zachodni
70%
Głogowska/Hetmańska
70%
Franowo
69%
Wierzbięcice
68%
Most Dworcowy
67%
Kórnicka
66%
Os. Sobieskiego
66%
Rondo Żegrze
66%
Żegrze I
66%
Żegrze Ii
66%
Żegrze III
66%
Górczyn PKM
65%
Rynek Jeżycki
65%
Dębiec PKM
64%
Miłostowo
62%
Serafitek
62%
Starołęka PKM
62%
Rondo Nowaka-Jeziorańskiego
61%
Park Wilsona
60%
Rynek Łazarski
60%
Błażeja
58%
Aleje Solidarności
57%
Bałtyk
57%
Lechicka Poznań Plaza
57%
Małe Garbary
57%
Rondo Solidarności
57%
Pl. Wielkopolski
56%
Hetmańska Wiadukt
55%
Stadion Miejski
54%
Wrocławska
54%
Słowiańska
53%
Most Św. Rocha
52%
Rynek Wildecki
52%
Fredry
50%
Lechicka/Naramowicka
50%
Rondo Starołęka
50%
Arena
49%
Szwedzka
49%
Budziszyńska
48%
Traugutta
48%
Os. Lecha
47%
Poznańska
47%
Wilczak
47%
Piątkowska
46%
Politechnika
46%
Armii Poznań
45%
Baraniaka
45%
Wielkopolska
45%
Matejki
44%
Os. Czecha
44%
Piaśnicka/Kurlandzka
44%
Połabska
44%
Polna
44%
Żeromskiego
44%
Katedra
42%
Uniwersytet Przyrodniczy
42%
Pl. Ratajskiego
41%
Unii Lubelskiej
41%
Pl. Bernardyński
40%
Os. Piastowskie
39%
Arciszewskiego
38%
Kurpińskiego
38%
Piaśnicka Rynek
38%
Rolna
38%
Szwajcarska
38%
Kolejowa
36%
Grochowska
35%
Serbska
35%
Sołacz
35%
Szymanowskiego
35%
HCP
34%
Wioślarska
34%
Lutycka Szpital
33%
Naramowice
33%
Os. Rzeczypospolitej
33%
Żniwna
33%
Św. Czesława
32%
Cmentarna
31%
Różana
31%
Bukowska
30%
Krauthofera
30%
Wojskowa
30%
Rondo Skubiszewskiego
29%
Termalna
29%
Bonin
28%
Nad Wierzbakiem
27%
Ostroroga
27%
Pasieka
27%
Polanka
27%
Św. Michała
27%
Klin
26%
Pamiątkowa
26%
Os. Pod Lipami
25%
Os. Winiary
25%
Węgorka
25%
Os. Tysiąclecia
24%
Kraszewskiego
22%
Łąkowa
22%
Murawa
22%
Kosińskiego
21%
Krańcowa
21%
Wspólna
21%
Bystra
20%
Drzewieckiego
20%
Przełajowa
20%
Włodarska
20%
Jasna Rola
19%
Grotkowska
18%
Kmieca
17%
Mogileńska
17%
Os. Łokietka
17%
Św. Leonarda
17%
Łomżyńska
13%
Wagrowska
11%
Nie znaleziono quizów pasujących do podanych kryteriów
Rozkład punktacji
Procent ludzi z każdym wynikiem
Percentyl według liczby udzielonych odpowiedzi
Twoja historia wyników
Nie rozwiązałeś tego quizu